000 00585cam8a220020500 4500
001 tmp15564229
003 UPRA
005 20190816102332.0
008 950912s1973 enk eng u
020 _c75P
035 _a(Sirsi) r125944
035 _a(UPRA)tmp15564229
040 _cUPRA
100 1 _aTrollope, Anthony, 1815-1882.
_dTrollope, Anthony, 1815-1882.
_6A5637.1
245 1 0 _aPhineas Redux /
_cTrollope Anthony.
260 _a[St. Albans] :
_bPanther,
_c[1973]
440 0 _aPallisers
_6S14283.1
949 _aPR5684
_wlcc
_i-180810
_mMAIN
_tBOOK
_lON-SHELF
004 125944
999 _c86758
_d86758